000 00750cab a2200205 4500
001 WB2738-35
008 090401t1991 xxu||||| |||| 00| 0 eng d
035 _a(Sirsi) u1672
041 _aeng
245 _aLabour`s position on tenancies
260 _c1991
350 _a0
490 _aCS Monthly : Rural Practice
_v(2) October 1991, 2(1)
520 _aThe Labour Party has clarified its position on agricultural tenancies and regards it as vital that the sanctity of contracts entered into under existing legislation should be respected.
650 _aPROPERTY-LANDLORD AND TENANT-TENANCIES-AGRICULTURAL TENANCIES
650 _aLABOUR PARTY POLICY
690 _aLANDLORD AND TENANT-AGRICULTURAL TENANCIES
942 _n0
948 _c04/03/1997
999 _c954
_d954